Brawl Stars Characters - Statistiken

Allgemein
  • Dieses Quiz wurde 185 mal gespielt
  • Das Durchschnittsergebnis liegt bei 14 aus 16
Antwortstatistiken
Bildquiz Antwort % Korrekt
Lola
95%
8-Bit
93%
Darryl
93%
Griff
92%
R-T
90%
Ash
89%
Otis
89%
Gale
87%
Bonnie
86%
Buster
86%
Kenji
86%
Shade
86%
Willow
85%
Doug
84%
Pearl
83%
Moe
82%
Keine übereinstimmenden Quizze gefunden
Verteilung der Resultate
Anzahl Personen mit jedem Resultat
Perzentil nach korrekt beantworteten Fragen
Ihre Resultats-Entwicklung
Sie haben dieses Quiz noch nicht gespielt